000 01549nam a2200349 a 4500
999 _c6823
_d6823
003 BLK
005 20240711134949.0
008 180412b bul|||||r ||||||| ||bul||
010 _aKNG00008085000
040 _aBLK
041 _aBUL
_cBUL
080 _aАмериканска литература (на САЩ)
_b821.111(73)
_x-312.9
_z821.111(73)-312.9
100 1 _aБрукс, Тери
_eпърви автор
_9245337
139 _aБрукс, Тери
_bБ 82
245 1 0 _aТалисманите на Шанара
_bФантаст. роман : T. 1 - 2
_cТери Брукс; прев. от англ. Мария Кръстева.
_nT. 2
257 _aUSA
260 _aСофия
_bАтлантис
_c1995 -
_fВраца : Полипринт
300 _c20 см
380 _aX
500 _aОриг. загл. The Talismans of Shannara / Terry Brooks. - Романът е кн. 4 от четирилогията Наследството на Шанара и е продълж. на Елфите на Шанара. - Офс. изд.
653 _aромани
653 _aфантастика
700 1 _aКръстева, Мария
_d1957 - 2011
_qГеоргиева, Мария Кръстева
_953160
760 1 _aБрукс, Тери
_d1995
_h230 с.
_tT. 2
852 _aЦб 171269
_bЦб
856 4 _qpdf
_u
_i0.00
_ldisable
856 4 _qpdf
_u
_i0.00
_ldisable
942 _cKNG
_n0
_02
_s1
944 _aCR
_c15.01.2003
_k30560
_lГеновева Генчева
944 _aED
_c26.07.2006
999 _d6823